000 00372nam a2200157Ia 4500
005 20250404013653.0
008 240331s9999 xx 000 0 und d
082 _bSIV
_a894
100 _aSivasankari,
245 0 _aAmma
250 _a3rd
260 _aChennai
_bThirumagal Nilaiyam
_c1992
300 _a2002 p .,
500 _a3 Navalkala thoguthutha kadhai
942 _cL
999 _c4205
_d4205